00624 2200217 4500001002100000005001500021035002000036007000300056008004100059020001800100082001200118084001800130100001900148245009900167260004200266300003100308650002300339700002000362990001200382990001200394INLIS00000000000173620180315092721 a0010-0318000079ta180315 g 0 ind  a9786023943630 a658. 15 a658. 15 LIT s0 aLITA, Iqtianty1 aSurvival Guide Book for Girl: Saving and Shopping /cLita Iqtianty; penyunting, Marina Ariyani aJakarta :bBhuana Ilmu Populer,c2017 a89 hlm. :bilus. ;c21 cm. aMANAJEMEN KEUANGAN0 aMARINA, Ariyani a16777 a a16777 b